IX. Internationales Symposium zur baltischen literarischen Kultur
| Titel: | IX. Internationales Symposium zur baltischen literarischen Kultur : Medien der Aufklärung - Aufklärung der Medien / Liina Lukas |
|---|---|
| Verfasser: | |
| In: |
Baltic journal of art history, Band 14 (2018), Seite 155-163 alle Artikel anzeigen |
| Veröffentlicht: | 2018 |
| Umfang: | 2 Illustrationen |
| Format: | Aufsatz |
| Sprache: | Deutsch |
X
alg: 43760341 001A $03025:17-10-18 001B $01999:17-10-18 $t23:12:16.000 001D $03025:17-10-18 001U $0utf8 001X $00 002@ $0Aou 002C $aText $btxt $2rdacontent 002D $aohne Hilfsmittel zu benutzen $bn $2rdamedia 002E $aBand $bnc $2rdacarrier 003@ $0437603415 007A $0437603415 $aHEB 010@ $ager 010E $erda 011@ $a2018 021A $aIX. Internationales Symposium zur baltischen literarischen Kultur $dMedien der Aufklärung - Aufklärung der Medien $hLiina Lukas 028A $BVerfasser $#Лукас, Лийна $4aut $71028282486 $8Lukas, Liina$Z1970- [Tp3] $9313458693 031A $d14 $g9 $h155-163 $j2018 034M $a2 Illustrationen 039B $aEnthalten in $8--Abvc--. Baltic journal of art history. - Tartu : Univ. of Tartu Press, 2009-. - ISSN 1736-8812 $x201800000140000845 $9224987135 044K $#Хердер, Јохан Готфрид $#Herder, J. G. $#Herder, J. G. von $#Heerde, J. G. $#Herder, Joh. Gottfried $#Herder, Joh. Ge. von $#Herder, Johan Gotfrid $#Herder, Gottfried $#Herder, Johann Gottfried $#Herder $#Herder, John Godfrey $#Herder, Giovanni Goffredo $#Herder, Yôhan Gôtfrîd fôn $#Herder, Juan Godofredo de $#Gerder, Jogann Gotfrid $#Gerder, Iogann Gotfrid $#Gerder, Iogann G. $#Gerder, I. G. $#Gerder $#Herder, Johann Gottfried $#Herder, Johann $#Herder, Joh. Gottfr. $#Herder, J. J. $#Herder, M. J. J. $#Heerder $#Herder, Joannus Godofredus $#Herderus, Joannus Godofredus $#Hearde, J. G. $#Von Herder, Johann Gottfried $#Herder, Johann George $#Herder, I. G. v. $#Herder, Joh. Gottfr. von $#Herder, Johann $#Гердер, Иоганн Готфрид $#Гердер, И. Г. $#הרדר, יוהאן גוטפריד $#约翰·哥特弗里特·赫尔德 $#ヨハン・ゴットフリート・フォン・ヘルダー $#赫尔德, 约翰·哥特弗里特 $#ヘルダー, ヨハン ゴットフリート フォン $7118549553 $8Herder, Johann Gottfried$cvon$Z1744-1803 [Tp1] $9086890581 044K $7136635881 $8Lenz, Friedrich David$Z1745-1809 [Tp1] $9206636059 044K $RJurʹev $#Tartu $#Dorpat $#Dorpat Tartu $#Derpt $#Tartu, Töörahva Saadikute Nõukogu $#TSN $#Tartu, Sovet Trudjašcichsja Deputatov $#Tartu Linna TSN Täitevkomitee $#Töörahva Saadikute Nõukogu Tartu $#Sovet Trudjašcichsja Deputatov Tartu $71029285-8 $8Tartu [Tg1] $9042051304 044K $#Riga $#Rīga $#Ryga $#Riega $#Riga in Lieffland $#Rigae Livonum $#Rygae $#Righa $74050042-1 $8Riga [Tg1] $9085139726 044K $RVeranstaltung $RSitzung $#Congresses and conventions $#Congrès et conférences $#Konferenz $#Konferenz $#Besprechung $#Tagung Konferenz $#Symposium Konferenz $#Symposion Konferenz $#Konferenzen $74032055-8 $8Konferenz [Ts1] $9085085340 044K $RKulturverein $#Literature Societies, etc. $#Littérature Associations $#Sociedades literarias $#Dichtergesellschaft $#Literarische Vereinigung $#Literarischer Verein $#Literaturgesellschaft $#Literaturvereinigung $#Literaturverein $74257364-6 $8Literarische Gesellschaft [Ts1] $9086367722 044K $RGegenaufklärung $#Enlightenment $#Mouvement des Lumières $#Illuminismo $#Ilustración $#Aufklärung $#Aufklärungszeitalter $#Aufklärungszeitalter $#Aufklärungszeit $74003524-4 $8Aufklärung [Ts1] $9085001120 044K $RWissenschaftliche Hochschule $#Universities and colleges $#Universités $#Università $#universities $#Universität $#Universitäten $74061778-6 $8Universität [Ts1] $9085171581 045F $a809 $eDDC23BSB 045F/01 $a809 045F/03 $f090512 045F/03 $g4798 045R $aGeistesgeschichte 2017 045T $a9,10 lok: 43760341 78 exp: 43760341 78 1 #EPN 201B/01 $017-10-18 $t14:56:19.000 201C/01 $017-10-18 201U/01 $0utf8 203@/01 $01030983526 208@/01 $a17-10-18 $be 209A/01 $a/ $f000 $x00 209A/01 $ab*p $x01 220C/01 $akoe 247C/01 $82080>Marburg/Lahn, Herder-Institut, Forschungsbibliothek, Bibliographieportal $9336309341
| LEADER | 00000caa a2200000 c 4500 | ||
|---|---|---|---|
| 001 | 437603415 | ||
| 003 | DE-603 | ||
| 005 | 20181017231216.0 | ||
| 007 | tu | ||
| 008 | 181017s2018 xx |||| | u00||u|ger c | ||
| 035 | |a (DE-599)HEB437603415 | ||
| 040 | |a DE-603 |b ger |c DE-603 |d DE-603 |e rda | ||
| 041 | |a ger | ||
| 082 | 0 | 4 | |8 1\u |a 809 |q DE-101 |2 23/BSB |
| 084 | |a 9,10 |2 ssgn | ||
| 085 | |8 1\u |b 809 | ||
| 085 | |8 1\u |z 1 |s 090512 | ||
| 085 | |8 1\u |z 2 |s 4798 | ||
| 100 | 1 | |a Lukas, Liina |d 1970- |e Verfasser |4 aut |0 (DE-603)313458693 |0 (DE-588)1028282486 |2 gnd | |
| 245 | 0 | 0 | |a IX. Internationales Symposium zur baltischen literarischen Kultur |b Medien der Aufklärung - Aufklärung der Medien |c Liina Lukas |
| 264 | 0 | |c 2018 | |
| 300 | |b 2 Illustrationen | ||
| 336 | |a Text |b txt |2 rdacontent | ||
| 337 | |a ohne Hilfsmittel zu benutzen |b n |2 rdamedia | ||
| 338 | |a Band |b nc |2 rdacarrier | ||
| 600 | 1 | 7 | |a Herder, Johann Gottfried von |d 1744-1803 |0 (DE-588)118549553 |0 (DE-603)086890581 |2 gnd |
| 600 | 1 | 7 | |a Lenz, Friedrich David |d 1745-1809 |0 (DE-588)136635881 |0 (DE-603)206636059 |2 gnd |
| 648 | 7 | |a Geistesgeschichte 2017 |2 gnd | |
| 650 | 7 | |a Konferenz |0 (DE-588)4032055-8 |0 (DE-603)085085340 |2 gnd | |
| 650 | 7 | |a Literarische Gesellschaft |0 (DE-588)4257364-6 |0 (DE-603)086367722 |2 gnd | |
| 650 | 7 | |a Aufklärung |0 (DE-588)4003524-4 |0 (DE-603)085001120 |2 gnd | |
| 650 | 7 | |a Universität |0 (DE-588)4061778-6 |0 (DE-603)085171581 |2 gnd | |
| 651 | 7 | |a Tartu |0 (DE-588)1029285-8 |0 (DE-603)042051304 |2 gnd | |
| 651 | 7 | |a Riga |0 (DE-588)4050042-1 |0 (DE-603)085139726 |2 gnd | |
| 773 | 0 | 8 | |i Enthalten in |t Baltic journal of art history |d Tartu : Univ. of Tartu Press, 2009- |h 24 cm |x 1736-8812 |g Band 14 (2018), Seite 155-163 |w (DE-603)224987135 |w (DE-600)2563410-0 |
| 924 | 0 | |9 2080 |a (DE-603)1030983526 |b DE-2080 |c HES |d d |g / | |


